00414nam a2200157Ia 45000010006000000050017000060080041000230410008000640820018000721000040000902450073001302600009002033000028002126500008002406540008002481813720260306171608.0260306s9999||||xx |||||||||||||| ||und|| aESP a658.4012bG86 aGuerras Martín, Luis ÁngeleAUT 0aLa dirección estratégica de la empresa:bteoría y aplicaciones c2011 a688 páginas :c24 cm. aGEN aCAN